Statistics for Wicked - The Wizard and I - Missing Lyrics

Click here to take the quiz!

General Stats

  • This quiz has been taken 183 times
  • The average score is 56 of 62

Answer Stats

CharacterMissing Lyric% Correct
And I'll stand there with the {Wizard}
98%
And so it will be for the rest of my {life}
98%
And then I'll meet the {Wizard}
98%
'Cos once you're with the {Wizard}
98%
My whole {life} will change
98%
Once I'm with the {Wizard}
98%
When I meet the {Wizard}
98%
Did that really just {happen}?
97%
Once I prove my {worth}
97%
What I've waited for since- since {birth}!
97%
When we are hand-in-{hand}, the Wizard and I
97%
No {father} is not proud of you
96%
No {sister} acts ashamed
95%
If I make {good}
94%
No one thinks you're {strange}
94%
One day he'll say to me "{Elphaba},"
94%
So I'll make {good}
94%
You'll be making {good}
94%
"Shouldn't a girl who's so good inside have a matching {exterior}?"
93%
"A girl on whom I can {rely}."
92%
And all of Oz has to {love} you
92%
And with all his Wizard {wisdom}
92%
ElphabaHave I actually {understood}
92%
He'll say to me "I see who you {truly} are,"
92%
Is a {talent} that could help me meet the Wizard?
92%
Madame MorribleMany years I have {waited}
92%
Maybe at last I'll {know} why
92%
Or like {Munchkins}, so small-minded? No!
92%
My dear, my {dear}
91%
Unlimited. My {future} is unlimited
91%
A celebration throughout {Oz} that's all to do with me
90%
Do you think the wizard is {dumb}
90%
And I just had a {vision} almost like a prophecy
89%
And that's how we'll {begin}, the Wizard and I
89%
And this gift or this {curse} I have inside
89%
By my {looks} he wont be blinded
89%
Feeling things I've never {felt}
89%
"Girl who is so {superior},"
89%
I know it sounds truly {crazy}
89%
I'll be so {happy} I could.. melt! Mm
89%
When people see me they will {scream}
89%
And, true, the vision's {hazy}
88%
If you work as you {should}
88%
Oh, what a {pair} we'll be , the Wizard and I
88%
Why, I predict the Wizard could make you his Magic {Grand} Vizier
88%
Yes, what a {pair} we'll be, the Wizard and-
88%
For half of Oz' favourite {team}, the Wizard and I
87%
"All right, why not!" I'll {reply}
86%
Tell him of you in {advance}
86%
This weird {quirk} I've tried to suppress or hide
86%
And I'll want nothing else till I {die}
85%
And, of course, that's not {important} to me
85%
For a {gift} like yours to appear
85%
I'll {write} at once to the Wizard
83%
With a talent like yours, dear, there is a definish {chance}
82%
"And since folks here, to an {absurd} degree,"
80%
Held in such high {esteem}
80%
"Would it be alright by you if I {de-greenify} you?"
79%
When by the Wizard you're {acclaimed}
77%
And though I'd never {show} it
74%
But, I {swear}, one day there'll be
74%
"Seem fixated on your {verdigre},"
66%

Score Distribution

Percentile by Number Answered

Percent of People with Each Score

Your Score History

You have not taken this quiz